1055 1616 1927 1320 1844 1468 1537 1667 1387 1760 1655 1745 1321 1702 1371 1971 1746 1845 1350 1741 1885 1749 1585 1290 1663 1943 1000 1206 1125 1366 1887 1924 1923 1306 1934 1466 1256 1240 1630 1813 1581 1609 1443 1904 1725 1064 1606 1244 1757 1802 1597 1509 1483 1695 1279 1404 1262 1442 1830 1273 1615 1166 1326 1751 1961 1773 1821 1412 1030 1415 1613 1169 1834 1581 1957 1218 1191 1793 1795 1600 1096 1314 1654 1220 1832 1994 1455 1320 1775 1954 1754 1303 1555 1463 1639 1105 1436 1652 1144 BCNSPRNW ULIB Ver.6.0+V

เปลี่ยนเป็นภาษาไทย

Change to English
 แสดงรายละเอียดบรรณานุกรม
  กลับหน้าหลัก

Brief Record : Get Marc (ISO 2709) : E-mail record : QR code < ปิดหน้าต่าง
LEADER : 00000nam 2200000uu 4500
001    13399120624
003     ULIB
008    120928s2548||||th 000 0 tha d
020    ^a9740500358
060 04 ^aWY152^bจ247ห 2548
110 1  ^aมหาวิทยาลัยมหิดล^bคณะพยาบาลศาสตร์^bภาควิชาการพยาบาลรากฐาน
245 00 ^aหลักการพยาบาลผู้สูงอายุ =^bPrinciple of gerontologicalnursing /^cบรรณาธิการ, จันทนา รณฤทธิวิชัย, วิไลวรรณ ทองเจริญ
246 31 ^aPrinciple of gerontological nursing
260    ^aกรุงเทพฯ :^bภาควิชาการพยาบาลรากฐาน คณะพยาบาลศาสตร์มหาวิทยาลัยมหิดล,^c2548
300    ^a214 หน้า :^bภาพประกอบ ;^c27 ซม.
504    ^aมีบรรณานุกรมและดรรชนี
650  7 ^aการพยาบาลเวชศาสตร์วัยชรา
650  7 ^aผู้สูงอายุ
700 0  ^aจันทนา รณฤทธิวิชัย,^eบรรณาธิการ
700 0  ^aวิไลวรรณ ทองเจริญ,^eบรรณาธิการ
945    ^p200^l0^i13843
945    ^p200^l0^i11938
995    ^aวิภา
999 ^a ใช้งานได้ทุกระบบ
รายการนี้ยังไม่มีแท็ก
คุณยังไม่ได้ล็อกอิน คุณสามารถมีกิจกรรมร่วมกับเว็บไซต์ได้ แต่ต้องล็อกอินก่อน ::
  ล็อกอิน

รายการสื่อสารสนเทศ

ลำดับที่ ประเภท เลขเรียก/บาร์โค้ด สถานที่ สถานะ
1. Book การพยาบาล
Book การพยาบาล
WY152 จ247ห 2548  
  Barcode: 13843
ห้องสมุดวิทยาเขตนครสวรรค์
►หนังสือทั่วไป:l:General Books
ถูกยืม กำหนดส่งวันที่ 11 พฤษภาคม 2558
  จอง
2. Book การพยาบาล
Book การพยาบาล
สถานะ=หนังสือเก่า
WY152 จ247ห 2548 ฉ.9 
  Barcode: 11938
ห้องสมุดวิทยาเขตนครสวรรค์
►หนังสือทั่วไป:l:General Books
บนชั้น

รายการใกล้เคียง
    หัวเรื่อง [การพยาบาลเวชศาสตร์วัยชรา]
    หัวเรื่อง [ผู้สูงอายุ]

BibComment


ยังไม่เคยถูกคอมเมนท์

คอมเมนท์ทรัพยากรรายการนี้
  คอมเมนท์: หลักการพยาบาลผู้..


 Copyright 2026. Bcnsprnw @Library